Statistiques concernant Paroles If I Could Fly - One Direction

Cliquez ici pour prendre le quiz!

Statistiques générales

  • Ce quiz a été pris 66 fois
    (65 depuis la dernière actualisation)
  • Le résultat moyen est 238 sur 277

Statistiques - réponses

Réponse% Correct
could
100%
fly
100%
I
100%
If
100%
you
100%
back
98%
to
98%
a
96%
home
96%
me
96%
For
94%
for
94%
Give
94%
be
92%
comin'
92%
my
92%
Right
92%
right
92%
everything
90%
heart
90%
only
90%
When
90%
when
90%
your
90%
eyes
88%
I'll
88%
might
88%
think
88%
just
87%
lonely
87%
show
87%
that
87%
And
85%
and
85%
are
85%
ask
85%
forget
85%
listen
85%
of
85%
up
85%
who
85%
you're
85%
down
83%
hope
83%
I'm
83%
Know
83%
know
83%
we're
83%
I'd
81%
Now
81%
now
81%
apart
79%
attention
79%
'Cause
77%
feel
77%
guard
77%
half
77%
I've
77%
Pay
77%
can
75%
it
75%
let
75%
mine
75%
thing
75%
don't
73%
completely
71%
got
71%
inside
71%
missing
71%
can't
69%
Even
69%
from
69%
hard
69%
run
69%
scars
69%
always
67%
seen
67%
they
67%
gets
65%
time
65%
mind
63%
wastin'
63%
been
62%
But
62%
though
62%
defenseless
60%
out
60%
goin'
58%
here
58%
pain
56%

Distribution des résultats

Percentile par nombre de réponses

% des personnes avec chaque résultat

Votre développement - résultats

Vous n’avez pas pris ce quiz depuis la dernière actualisation